[Event "GER-ch Net blitz qual1"]
[Site "Playchess.com INT"]
[Date "2021.04.24"]
[Round "5"]
[White "Halt, David"]
[Black "Lenhard, Alexander"]
[Result "1-0"]
[WhiteElo "1914"]
[BlackElo "1653"]
[PlyCount "85"]
[EventDate "2021.04.24"]
[EventType "swiss (blitz)"]
[EventRounds "11"]
[EventCountry "GER"]
[SourceTitle "CBM 202 Extra"]
[Source "ChessBase"]
[SourceDate "2021.07.31"]
[SourceVersion "1"]
[SourceVersionDate "2021.07.31"]
[SourceQuality "1"]

1. e4 d5 2. exd5 Qxd5 3. Nc3 Qd8 4. d4 Nf6 5. Bc4 g6 6. Nge2 Bg7 7. h3 0-0 8. 0-0 Nc6 9. Be3 e5 10. d5 Ne7 11. Bc5 b6 12. Ba3 Bb7 13. d6 cxd6 14. Qxd6 Qxd6 15. Bxd6 Rfe8 16. Bxe5 Nc6 17. Bh2 Rad8 18. Rad1 Rxd1 19. Rxd1 Na5 20. Bb5 Re7 21. Nf4 Ne4 22. Rd8+ Bf8 23. Nfd5 Nxc3 24. Nxe7+ Kg7 25. bxc3 Bxe7 26. Rd7 Bc6 27. Bxc6 Nxc6 28. Rc7 Na5 29. Rxe7 Nc4 30. Rxa7 b5 31. Rb7 Na3 32. Bd6 Nxc2 33. Rxb5 f5 34. a4 Ne1 35. a5 Nd3 36. a6 Kf6 37. a7 Ke6 38. Rb6 Kd7 39. a8Q Nc1 40. Qc6+ Ke6 41. Bf4+ Kf7 42. Qd7+ Kg8 43. Rb8# 1-0

[Event "GER-ch Net blitz qual1"]
[Site "Playchess.com INT"]
[Date "2021.04.24"]
[Round "6"]
[White "Lenhard, Alexander"]
[Black "Palme, Holger"]
[Result "0-1"]
[WhiteElo "1653"]
[BlackElo "1882"]
[PlyCount "102"]
[EventDate "2021.04.24"]
[EventType "swiss (blitz)"]
[EventRounds "11"]
[EventCountry "GER"]
[SourceTitle "CBM 202 Extra"]
[Source "ChessBase"]
[SourceDate "2021.07.31"]
[SourceVersion "1"]
[SourceVersionDate "2021.07.31"]
[SourceQuality "1"]

1. b4 Nf6 2. Bb2 d5 3. a3 Bf5 4. Nf3 e6 5. e3 Be7 6. c4 0-0 7. Be2 c5 8. bxc5 Bxc5 9. Nc3 Nc6 10. cxd5 Nxd5 11. Nxd5 Qxd5 12. 0-0 Rfd8 13. d3 Bxd3 14. Bxd3 Qxd3 15. Qc1 Bf8 16. h3 Rd5 17. Rd1 Qb5 18. Rxd5 Qxd5 19. Qc3 Rd8 20. Rc1 Qd3 21. Qe1 h6 22. Rc3 Qb5 23. Qc1 Qa4 24. Rc2 Qb3 25. Nd2 Qd5 26. Nf3 Qd1+ 27. Qxd1 Rxd1+ 28. Kh2 Rd3 29. Rc4 Bxa3 30. Bxa3 Rxa3 31. Rc2 Rb3 32. Ra2 a5 33. Nd2 Rb4 34. Ra3 b5 35. Rd3 a4 36. Rd6 Ne5 37. Rb6 Nd3 38. Nf3 a3 39. Ra6 Ra4 40. Rb6 a2 41. Rxb5 a1Q 42. Rb8+ Kh7 43. Nd4 Nxf2 44. Rf8 Rxd4 45. exd4 Qxd4 46. Rxf7 e5 47. h4 e4 48. Kg1 e3 49. Kh2 e2 50. g3 e1Q 51. h5 Qh1# 0-1

[Event "Niederbayern-ch"]
[Site "Mamming"]
[Date "2011.03.11"]
[Round "3"]
[White "Haider, Andreas"]
[Black "Lenhard, Alexander"]
[Result "0-1"]
[WhiteElo "1562"]
[BlackElo "1226"]
[PlyCount "110"]
[EventDate "2011.03.10"]
[EventType "swiss"]
[EventRounds "7"]
[EventCountry "GER"]
[SourceTitle "EXT 2023"]
[Source "ChessBase"]
[SourceDate "2022.10.05"]
[SourceVersion "1"]
[SourceVersionDate "2022.10.05"]
[SourceQuality "1"]

1. e4 c5 2. f4 Nc6 3. Nf3 Nf6 4. e5 Nd5 5. d4 e6 6. Bc4 cxd4 7. Bxd5 Qa5+ 8. Bd2 Qxd5 9. 0-0 Bc5 10. Kh1 0-0 11. Qe1 b5 12. b4 Bb6 13. c3 Ne7 14. cxd4 Bxd4 15. Nxd4 Qxd4 16. Bc3 Qd5 17. Na3 Bb7 18. Rf2 Rac8 19. Rd1 Qc6 20. Rc2 Qe4 21. Qf2 Nd5 22. Rd4 Qg6 23. Nxb5 a6 24. Nd6 Rxc3 25. Rxc3 Nxc3 26. Nxb7 Qb1+ 27. Qg1 Qxg1+ 28. Kxg1 Ne2+ 29. Kf2 Nxd4 30. Nc5 Rb8 31. Nxa6 Rb6 32. Nc5 Rxb4 33. Nxd7 Rb2+ 34. Kg3 Rxa2 35. Nc5 Nf5+ 36. Kh3 h5 37. g3 Ne3 38. Ne4 Ng4 39. Kh4 Rxh2+ 40. Kg5 Nf2 41. Nd6 Nh3+ 42. Kxh5 Nxf4+ 43. Kg4 Ng6 44. Nc4 Ra2 45. Kg5 Re2 46. Nb6 Rxe5+ 47. Kg4 Rb5 48. Nd7 Ne5+ 49. Nxe5 Rxe5 50. Kf4 Re1 51. g4 e5+ 52. Kf5 e4 53. Kf4 e3 54. Kf3 Rg1 55. Kxe3 Rxg4 0-1

[Event "Deggendorf op 3rd"]
[Site "Deggendorf"]
[Date "2010.09.05"]
[Round "5"]
[White "Lenhard, Alexander"]
[Black "Kessler, Michael"]
[Result "1-0"]
[WhiteElo "1294"]
[BlackElo "1211"]
[PlyCount "23"]
[EventDate "2010.09.03"]
[EventType "swiss"]
[EventRounds "5"]
[EventCountry "GER"]
[SourceTitle "CBM 138 Extra"]
[Source "ChessBase"]
[SourceDate "2010.10.29"]
[SourceVersion "1"]
[SourceVersionDate "2010.10.29"]
[SourceQuality "1"]

1. e4 e6 2. d4 d5 3. exd5 exd5 4. c4 dxc4 5. Bxc4 a6 6. Nf3 b5 7. Bb3 Bg4 8. Bxf7+ Kxf7 9. Ne5+ Ke8 10. Qxg4 Nf6 11. Qe6+ Be7 12. Qf7# 1-0

[Event "Niederbayern-ch"]
[Site "Mamming"]
[Date "2010.06.05"]
[Round "5"]
[White "Seidl, Josef"]
[Black "Lenhard, Alexander"]
[Result "0-1"]
[WhiteElo "1315"]
[BlackElo "1240"]
[PlyCount "66"]
[EventDate "2010.06.03"]
[EventType "swiss"]
[EventRounds "7"]
[EventCountry "GER"]
[SourceTitle "EXT 2023"]
[Source "ChessBase"]
[SourceDate "2022.10.05"]
[SourceVersion "1"]
[SourceVersionDate "2022.10.05"]
[SourceQuality "1"]

1. c4 e5 2. e3 Nf6 3. b3 Nc6 4. Bb2 d6 5. a3 Be7 6. g3 Bg4 7. Be2 Bxe2 8. Nxe2 0-0 9. 0-0 Qd7 10. Kg2 Rad8 11. d3 d5 12. f4 dxc4 13. d4 Ng4 14. Qd2 cxb3 15. f5 exd4 16. exd4 h6 17. Qf4 Nf6 18. Rd1 Nd5 19. Qf3 Bf6 20. Rd3 Nde7 21. Nd2 Nxf5 22. Nxb3 Ne5 23. dxe5 Qxd3 24. Qxd3 Rxd3 25. exf6 Rxb3 26. fxg7 Re8 27. Kf2 Rxb2 28. Re1 Nd4 29. Kf1 Rbxe2 30. Rd1 c5 31. h4 Kxg7 32. h5 Rh2 33. g4 Rh1+ 0-1

[Event "Niederbayern-ch"]
[Site "Mamming"]
[Date "2010.06.03"]
[Round "2"]
[White "Lenhard, Alexander"]
[Black "Grigore Nikolitsch, Corneliu"]
[Result "0-1"]
[WhiteElo "1240"]
[BlackElo "1633"]
[PlyCount "64"]
[EventDate "2010.06.03"]
[EventType "swiss"]
[EventRounds "7"]
[EventCountry "GER"]
[SourceTitle "EXT 2023"]
[Source "ChessBase"]
[SourceDate "2022.10.05"]
[SourceVersion "1"]
[SourceVersionDate "2022.10.05"]
[SourceQuality "1"]

1. e4 c5 2. Nf3 a6 3. Nc3 e6 4. d4 cxd4 5. Nxd4 g6 6. Bd3 Bg7 7. Be3 Nc6 8. Nxc6 bxc6 9. Na4 Rb8 10. Rb1 d5 11. 0-0 d4 12. Bf4 e5 13. Bd2 Ne7 14. f4 f5 15. fxe5 0-0 16. Bc4+ Kh8 17. exf5 Nxf5 18. Bf4 Qa5 19. b3 Bxe5 20. Qf3 Bd7 21. b4 Qc7 22. Bxe5+ Qxe5 23. Rbe1 Qg7 24. Qd3 Ne3 25. Rxf8+ Rxf8 26. Bxa6 Bf5 27. Qd2 Nxc2 28. Rf1 Ne3 29. Rc1 Qf6 30. Be2 Bg4 31. h3 Qf2+ 32. Kh1 Qxg2# 0-1

[Event "Deggendorf op"]
[Site "Deggendorf"]
[Date "2006.06.15"]
[Round "2"]
[White "Lenhard, Alexander"]
[Black "Firlbeck, Hubert"]
[Result "0-1"]
[WhiteElo "1090"]
[BlackElo "1973"]
[PlyCount "58"]
[EventDate "2006.06.15"]
[EventType "swiss"]
[EventRounds "7"]
[EventCountry "GER"]
[SourceTitle "EXT 2008"]
[Source "ChessBase"]
[SourceDate "2007.11.25"]
[SourceVersion "1"]
[SourceVersionDate "2007.11.25"]
[SourceQuality "1"]

1. e4 c5 2. Nf3 d6 3. d4 cxd4 4. Nxd4 Nf6 5. Bd3 a6 6. c4 e6 7. 0-0 Be7 8. h3 0-0 9. Nc3 Qc7 10. Qf3 Nbd7 11. Qg3 Ne5 12. Bh6 Nh5 13. Qe3 Nxd3 14. Bxg7 Nxg7 15. Qxd3 Bd7 16. b3 Rac8 17. Nf3 b5 18. Nd2 Rfd8 19. Rac1 Qb7 20. Rfe1 Bc6 21. Re3 Bg5 22. Rg3 bxc4 23. Qd4 e5 24. Qxc4 Bxd2 25. Rc2 Bf4 26. Rg4 Bxe4 27. Qe2 Bxc2 28. Qxc2 Rxc3 29. Qf5 Rc1# 0-1